000 00356nam a2200133Ia 4500
008 240624s9999 xx 000 0 und d
041 _aeng
082 _a658.4034 TAH
100 _aTAHA HAMDY A
245 _aOPERATONS RESEARCH AN INTRODUCTION
250 _a(7th ed.)
260 _c2004
_aNew Delhi
_bPearson Education
300 _axvii, : 830 : p. : cm. ; 24
999 _c3866
_d3866